ՀՀ Գիտությունների ազգային ակադեմիայի հիմնարար գիտական գրադարան  =   Fundamental Scientific Library of NAS RA
Normal view MARC view

Entry Personal Name

Number of records used in: 6

001 - CONTROL NUMBER

  • control field: 2910

003 - CONTROL NUMBER IDENTIFIER

  • control field: AM-YEHGA

005 - DATE AND TIME OF LATEST TRANSACTION

  • control field: 20250617070440.0

008 - FIXED-LENGTH DATA ELEMENTS

  • fixed length control field: 060412 a|ac|n|aab||||||||||||a |n|||||||

040 ## - CATALOGING SOURCE

  • Original cataloging agency: AM-YEHGA

100 1# - HEADING--PERSONAL NAME

  • Personal name: Բարթիկյան, Միքայել Հակոբի,
  • Dates associated with a name: 1887-1968

400 1# - SEE FROM TRACING--PERSONAL NAME

  • Personal name: Բարթիկյան, Միքայել,
  • Dates associated with a name: 1887-1968

400 1# - SEE FROM TRACING--PERSONAL NAME

  • Personal name: Բարթիկյան, Մ.Հ.
  • Fuller form of name: (Միքայել Հակոբի),
  • Dates associated with a name: 1887-1968

400 1# - SEE FROM TRACING--PERSONAL NAME

  • Personal name: Բարթիկյան, Մ.
  • Fuller form of name: (Միքայել),
  • Dates associated with a name: 1887-1968

400 1# - SEE FROM TRACING--PERSONAL NAME

  • Personal name: Բարթիկեան, Միքայէլ Յակոբի,
  • Dates associated with a name: 1887-1968

400 1# - SEE FROM TRACING--PERSONAL NAME

  • Personal name: Բարթիկեան, Միքայել Հակոբի,
  • Dates associated with a name: 1887-1968

400 1# - SEE FROM TRACING--PERSONAL NAME

  • Personal name: Բարթիկեան, Միքայէլ Յ.
  • Fuller form of name: (Յակոբի),
  • Dates associated with a name: 1887-1968

400 1# - SEE FROM TRACING--PERSONAL NAME

  • Personal name: Բարթիկեան, Մ.Յ.
  • Fuller form of name: (Միքայէլ Յակոբի),
  • Dates associated with a name: 1887-1968

400 1# - SEE FROM TRACING--PERSONAL NAME

  • Personal name: Бартикян, Михаил Акопович,
  • Dates associated with a name: 1887-1968

400 1# - SEE FROM TRACING--PERSONAL NAME

  • Personal name: Бартикян, М.А.
  • Fuller form of name: (Михаил Акопович),
  • Dates associated with a name: 1887-1968

400 1# - SEE FROM TRACING--PERSONAL NAME

  • Personal name: Bartikyan, Mikael Hakobi,
  • Dates associated with a name: 1887-1968

663 ## - COMPLEX SEE ALSO REFERENCE--NAME

  • Explanatory text: Այս հեղինակը մամուլում հրատարակվել է նաև հետևյալ ծածկանուններով՝ Աննիկ Շարմաղյան; Բարթիկյան; Հիրպետ; Հրայր Պարթև; Մ.Բ.; Մ.Յ.Բ.; Մենբար

670 ## - SOURCE DATA FOUND

  • Source citation: Հայկական համառոտ հանրագիտարան, 1990 :
  • Information found: հ. 1 (Բարթիկյան Միքայել Հակոբի [5.5.1887, Կոնիա - 27.2.1968, Երևան], հայ հրապարակախոս, հաս. գործիչ); bIն.տ. (1946-ին ներգաղթել է Սով. Հայաստան)

670 ## - SOURCE DATA FOUND

  • Source citation: Հովակիմյան Բ.Մ. Հայոց ծածկանունների բառարան, 2005 :
  • Information found: էջ 574 (Բարթիկյան Միքայել Հակոբի); bIն.տ. ([Ծածկանունները])

670 ## - SOURCE DATA FOUND

  • Source citation: իցապաշտ Հելլադան կամ Հելլէն Դիք, 1936 :
  • Information found: տիտղթ. (Մ.Յ. Բարթիկեան); (Բարթիկեան Միքայէլ Յ.)

670 ## - SOURCE DATA FOUND

  • Source citation: Թեսէոս հերոս իշխանը :Հելլեն ծաղկաքաղ, 1936 :
  • Information found: տիտղթ. (Մ.Յ. Բարթիկեան); (Բարթիկեան Միքայել Հ.)

670 ## - SOURCE DATA FOUND

  • Source citation: Иосиф Абгарович Орбели = Հովսեփ Աբգարի Օրբելի, 1957 :
  • Information found: т.л. (Сост.: Н.С. Власян, А.С. Манасерян, М.А. Бартикян)


ՀՀ ԳԱԱ հիմնարար գիտական գրադարան
ՀՀ,Երևան 0019
Մարշալ Բաղրամյան 24/6
հեռախոս:(374-10) 52-47-50
Հետադարձ կապ

All site content, except where otherwise noted, is licensed under a
Creative Commons License